000 00606nam a2200241 a 4500
001 0001-0970
003 ELIB.Books
008 140917 2010 eng
020 _a0817012583
035 _a(ELIB.Books)0001-1124
092 _a248.8
_bSmi
100 _aSmith, R.F.
245 _aSit Down, God...I'm Angry
260 _aValley Forge
_bJusdon Press
_c1997
300 _a155
_c21.5 Cm
500 _aDr. Yahalaylayla
650 _aReligious Aspects
856 _nKBTS; Library
_uKBTS; Elib.
942 _2ddc
_cBK
990 _a1
998 _cbat
_e2014-09-17
999 _c10970
_d10970